Farfalinha e o rei vaidoso (Record no. 74777)

MARC details
000 -LÍDER
campo de controle de tamanho fixo 00355 a2200157 4500
001 - NÚMERO DE CONTROLE
campo de controle 74777
020 ## - ISBN - INTERNATIONAL STANDARD BOOK NUMBER
ISBN - International Standard Book Number
040 ## - FONTE DA CATALOGAÇÃO
Instituição que transcreveu o registro Anchieta - Colégio São Paulo
100 ## - ENTRADA PRINCIPAL--NOME PESSOAL
Nome pessoal Barros, Fabiana
240 10 - TÍTULO UNIFORME
Título uniforme Farfalinha e o rei vaidoso
Idioma da obra por
245 10 - TÍTULO
Título Farfalinha e o rei vaidoso
300 ## - DESCRIÇÃO FÍSICA
Extensão 23
362 0# - DATAS DE PUBLICAÇÃO E/OU DESIGNAÇÃO SEQUENCIAL
Datas de publicação e/ou designação sequencial 2014
650 #4 - ASSUNTO--TERMO TÓPICO
Cabeçalho tópico ou nome geográfico Literatura juvenil
942 ## - ELEMENTOS DE ENTRADA ADICIONADOS (KOHA)
Tipo de material Koha Livros
Holdings
Situação do descarte Situação das perdas Situação física Não pode ser emprestado Biblioteca de origem Biblioteca atual Data de aquisição Total de empréstimos Código de barras Data de último acesso Data do preço efetivo Tipo de material Koha
        Colégio São Paulo Colégio São Paulo 22/11/2023   5731/CSP 22/11/2023 22/11/2023 Livros